书目信息 |
| 题名: |
简明政治学辞典
|
|
| 作者: | 皮纯协 , 曹文光 , 徐理明 主编 | |
| 分册: | ||
| 出版信息: | 郑州 河南人民出版社 1986 |
|
| 页数: | 683页 | |
| 开本: | 19cm | |
| 丛书名: | ||
| 单 册: | ||
| 中图分类: | D0-61 | |
| 科图分类: | ||
| 主题词: | 政治理论--词典 | |
| 电子资源: | ||
| ISBN: | ||
| 000 | 00721nam0 2200253 45 | |
| 001 | 0186003850 | |
| 005 | 20070731162842.39 | |
| 010 | @dCNY4.45 | |
| 091 | @a3105.471 | |
| 100 | @a19951012d1986 em y0chiy0121 ea | |
| 101 | 0 | @achi |
| 102 | @aCN@b410000 | |
| 105 | @ay z 000yy | |
| 200 | 10 | @a简明政治学辞典@Ajian ming zheng zhi xue ci dian@f皮纯协,徐理明,曹文光主编@FPi Chun Xie,Xu Li Ming,Cao Wen Guang Zhu Bian |
| 210 | @a郑州@c河南人民出版社@d1986 | |
| 215 | @a683页@d19cm | |
| 606 | @a政治理论@x词典 | |
| 690 | @aD0-61@v3 | |
| 701 | 0 | @a皮纯协@4主编 |
| 701 | 0 | @a曹文光@4主编 |
| 701 | 0 | @a徐理明@4主编 |
| 801 | 2 | @aCN@bNLC@c20070731 |
| 801 | 0 | @aCN@b深圳图书馆@c20050324 |
| 905 | @f1@b170373@dD0-61@e52 | |
| 简明政治学辞典/皮纯协,徐理明,曹文光主编.-郑州:河南人民出版社,1986 |
| 683页;19cm |
| ISBN :CNY4.45 |
| ● |
| 相关链接 |
|
|
|
|
正题名:简明政治学辞典
索取号:D0-61/52
 
预约/预借
| 序号 | 登录号 | 条形码 | 馆藏地/架位号 | 状态 | 备注 |
| 1 | 0170373 | 001986097 | 密集书库/ [索取号:D0-61/52] | 在馆 | |
| 2 | 0170374 | 001572177 | 第一样本阅览室/ [索取号:D0-61/52] | 在馆 | |
| 3 | 0790168 | 207901680 | 工具书阅览室/ [索取号:D0-61/52] | 在馆 |